[Event "Let's Play Chess!"]
[Site "http://www.queenalice.com/game.php?id=56225"]
[Date "2006.3.7"]
[Round "-"]
[White "claudesuzuki"]
[Black "tcorsi"]
[Result "0-1"]
[WhiteElo "1327"]
[BlackElo "1524"]

1. e4 c5 2. Nc3 Nc6 3. Nd5 e6 4. Nc3 d5 5. exd5 exd5 6. Qe2+ Be7 7. Nf3 Nf6 8.
Ne5 O-O 9. Nxc6 bxc6 10. f3 Re8 11. Kd1 Bd6 12. Qf2 Bf5 13. d3 Qb6 14. Be2 Qb8
15. Re1 Be6 16. b3 Bxh2 17. g3 Bxg3 18. Qxc5 Bxe1 19. Kxe1 Qb6 20. Qa3 Bh3 21.
Bf4 Qg1+ 0-1

[Event "Carmen Sandiego!"]
[Site "http://www.queenalice.com/game.php?id=56654"]
[Date "2006.3.10"]
[Round "-"]
[White "laser99"]
[Black "claudesuzuki"]
[Result "0-1"]
[WhiteElo "1705"]
[BlackElo "1350"]

1. e4 e5 2. Nf3 d6 3. Nc3 Bg4 4. Be2 Bxf3 5. Bxf3 Nc6 6. O-O Nd4 7. d3 Nf6 8.
Be3 Nxf3+ 9. Qxf3 Qe7 10. Rad1 O-O-O 11. a4 c6 12. Bg5 h6 13. Bxf6 gxf6 14. Qf5+
Qe6 15. Qxe6+ fxe6 16. f4 exf4 17. Rxf4 Be7 18. d4 e5 19. dxe5 dxe5 20. Rxd8+
Rxd8 21. Rf5 Rd2 22. Rf2 Rxf2 23. Kxf2 Kd7 24. Ke3 Bc5+ 25. Kf3 Bd4 26. Ke2 Bxc3
27. bxc3 a5 0-1

[Event "Challenge"]
[Site "http://www.queenalice.com/game.php?id=58374"]
[Date "2006.3.20"]
[Round "-"]
[White "swmorgana"]
[Black "claudesuzuki"]
[Result "1-0"]
[WhiteElo "1311"]
[BlackElo "1344"]

1. e4 e5 2. Nf3 d6 3. Nc3 Bg4 4. Nd5 Bxf3 5. Qxf3 Ne7 6. Bc4 Nxd5 7. Bxd5 f6 8.
Qh5+ g6 9. Qe2 c6 10. Bb3 d5 11. exd5 cxd5 12. Ba4+ Nd7 13. d4 Rc8 14. dxe5 Kf7
15. e6+ 1-0

[Event "Challenge"]
[Site "http://www.queenalice.com/game.php?id=59016"]
[Date "2006.3.23"]
[Round "-"]
[White "li2carpio"]
[Black "claudesuzuki"]
[Result "1-0"]
[WhiteElo "1853"]
[BlackElo "1327"]

1. e4 e5 2. Bc4 d6 3. Nf3 Bg4 4. Nc3 Bxf3 5. Qxf3 f6 6. d3 Nc6 7. Ne2 Nge7 8.
Qg4 a6 9. f4 h5 10. Qh3 Nb4 11. Bb3 Ng6 12. Qf5 Ne7 13. Qe6 d5 14. a3 Nc6 15.
exd5 Na5 16. fxe5 Nxb3 17. cxb3 Qxd5 18. Qxd5 Nxd5 19. exf6 Nxf6 20. O-O O-O-O
21. d4 c5 22. dxc5 Bxc5+ 23. Kh1 Ne4 24. h3 Bd6 25. Be3 Rdf8 26. Rac1+ Kb8 27.
Rfd1 Rc8 28. Rxc8+ Rxc8 29. Rd4 Re8 30. Bf4 Nf2+ 31. Kh2 Bxf4+ 32. Nxf4 h4 33.
Rd2 Ne4 34. Re2 Nd6 35. Rxe8+ Nxe8 36. Ng6 Kc7 37. Nxh4 Nd6 38. g4 Ne4 39. Nf5
g6 40. Ne3 a5 41. h4 Nd2 42. Nd5+ Kd6 43. Nf4 Nxb3 44. Nxg6 Nd2 45. Nf4 Ke5 46.
Nd3+ Ke4 47. Nc5+ Kf4 48. g5 Kg4 49. g6 1-0

[Event "Let's Play Chess!"]
[Site "http://www.queenalice.com/game.php?id=66991"]
[Date "2006.5.5"]
[Round "-"]
[White "claudesuzuki"]
[Black "BuzzKiller"]
[Result "1-0"]
[WhiteElo "1325"]
[BlackElo "1400"]

1. e4 d5 2. exd5 Qxd5 3. Qe2 Nc6 4. Nf3 Bg4 5. Nc3 Qd7 6. h3 Bxf3 7. Qe3 Bh5 8.
Bb5 Nf6 9. O-O a6 10. Bxc6 Qxc6 11. d4 e6 12. Qg3 O-O-O 13. Bg5 Rxd4 14. Bxf6
gxf6 15. Rad1 Bxd1 16. Nxd1 Qxc2 17. Qf3 Rd3 18. Qxf6 Rg8 19. Ne3 Rxe3 20. Qxf7
Reg3 21. fxg3 Qg6 22. Rf6 Bc5+ 23. Kh1 Qxf7 24. Rxf7 1-0

[Event "Challenge"]
[Site "http://www.queenalice.com/game.php?id=75951"]
[Date "2006.6.12"]
[Round "-"]
[White "dtrainey"]
[Black "claudesuzuki"]
[Result "0-1"]
[WhiteElo "1105"]
[BlackElo "1344"]

1. d4 d5 2. Nc3 e6 3. e4 dxe4 4. Nxe4 b6 5. b3 Bb7 6. f3 Bxe4 7. fxe4 c5 8. Bb5+
Nd7 9. Bb2 cxd4 10. Qxd4 Nf6 11. O-O-O Bc5 12. Qa4 O-O 13. Bxd7 Nxd7 14. Qxd7
Qxd7 15. Rxd7 Bxg1 16. Rxg1 Rfd8 17. Rgd1 Rxd7 18. Rxd7 a5 19. a4 Kf8 20. g4 g6
21. h4 Rb8 22. Bc3 Rc8 23. Bd4 Ke8 24. Bxb6 Kxd7 25. Bxa5 f5 26. gxf5 gxf5 27.
c4 fxe4 28. Bb6 Rf8 29. Kd2 Rf3 30. b4 Rh3 31. a5 Kc6 32. b5+ Kb7 33. c5 Rxh4
34. Ke3 e5 35. c6+ Kb8 36. c7+ Kc8 37. a6 Rh3+ 38. Kxe4 Ra3 39. a7 h5 40. Bf2
Kxc7 41. b6+ Kb7 42. Kxe5 Ra5+ 43. Kd6 Ra4 44. Kc5 h4 45. Kb5 h3 46. Kxa4 h2 0-1

[Event "Challenge"]
[Site "http://www.queenalice.com/game.php?id=80313"]
[Date "2006.6.26"]
[Round "-"]
[White "dtrainey"]
[Black "claudesuzuki"]
[Result "1-0"]
[WhiteElo "1087"]
[BlackElo "1350"]

1. d4 d5 2. e3 e6 3. a3 Qf6 4. c4 c5 5. Nc3 cxd4 6. Qxd4 Nc6 7. Qxf6 Nxf6 8. c5
Bxc5 9. b4 Bb6 10. Nb5 a6 11. Nc7+ Ke7 12. Nxa8 Bd8 13. b5 axb5 14. Bxb5 Ba5+
15. Bd2 Ne4 16. Bxa5 1-0

[Event "AUTO-OPEN-308"]
[Site "http://www.queenalice.com/game.php?id=81070"]
[Date "2006.6.29"]
[Round "1"]
[White "aesnihc"]
[Black "claudesuzuki"]
[Result "1-0"]
[WhiteElo "1692"]
[BlackElo "1370"]

1. e4 e5 2. Nf3 d6 3. Bc4 f6 4. h3 Ne7 5. d4 g6 6. Nc3 c6 7. O-O h5 8. Be3 b5 9.
Bb3 g5 10. dxe5 dxe5 11. Qxd8+ Kxd8 12. Rad1+ Bd7 13. Be6 Na6 14. Rxd7+ Ke8 15.
Rfd1 Bh6 16. a3 Kf8 17. Rd8+ Kg7 18. Rxh8 Kxh8 19. b4 Nc7 20. Bb3 Ng8 21. Rd7 g4
22. Nh4 Bxe3 23. Ng6# 1-0

[Event "AUTO-OPEN-308"]
[Site "http://www.queenalice.com/game.php?id=81071"]
[Date "2006.6.29"]
[Round "1"]
[White "claudesuzuki"]
[Black "aesnihc"]
[Result "0-1"]
[WhiteElo "1352"]
[BlackElo "1740"]

1. d4 d5 2. Qd3 e6 3. e3 Nf6 4. f3 c5 5. Nh3 Nc6 6. dxc5 Bxc5 7. c3 O-O 8. Ng5
h6 9. Nh3 Re8 10. e4 dxe4 11. Qxd8 Rxd8 12. Nd2 exf3 13. Nxf3 b6 14. Bf4 Bb7 15.
Bc7 Rd7 16. Be5 Ng4 17. Bf4 Rad8 18. Bd2 e5 19. O-O-O Be3 20. Be2 Bxd2+ 21. Nxd2
Ne3 22. Rde1 Rxd2 23. Bf3 Nxg2 24. Bxg2 Rxg2 25. Ng1 Rdd2 26. Ne2 Rdxe2 27. Rhg1
Rc2+ 0-1

[Event "AUTO-OPEN-308"]
[Site "http://www.queenalice.com/game.php?id=81090"]
[Date "2006.6.29"]
[Round "1"]
[White "dgrecu"]
[Black "claudesuzuki"]
[Result "1-0"]
[WhiteElo "1519"]
[BlackElo "1380"]

1. e4 e5 2. Nf3 b6 3. Nc3 Bb7 4. Bc4 Bb4 5. O-O Bxc3 6. bxc3 c5 7. Nxe5 f6 8.
Nf7 Qc7 9. Nxh8 Bxe4 10. Bxg8 Qc6 11. Re1 Kf8 12. Bf7 Na6 13. f3 Bd5 14. Re8+
Rxe8 15. Bxe8 Kxe8 16. d3 Nc7 17. c4 Qe6 18. cxd5 Qg8 19. Qe2+ Kd8 20. d6 Ne6
21. Ba3 Qxh8 22. c3 Qf8 23. d4 cxd4 24. c4 f5 25. Rb1 Nf4 26. Qe7+ Qxe7 27.
dxe7+ Ke8 28. Bd6 Ne2+ 29. Kf2 Nc3 30. Re1 Nd5 31. cxd5 1-0

[Event "AUTO-OPEN-308"]
[Site "http://www.queenalice.com/game.php?id=81091"]
[Date "2006.6.29"]
[Round "1"]
[White "claudesuzuki"]
[Black "dgrecu"]
[Result "1-0"]
[WhiteElo "1350"]
[BlackElo "1606"]

1. d4 d5 2. Qd2 Nf6 3. e3 Ne4 4. Qd1 h5 5. f3 Nf6 6. g3 e6 7. g4 hxg4 8. fxg4
Nc6 9. h3 e5 10. Nf3 e4 11. Ne5 Nxe5 12. Nc3 Bxg4 13. Be2 Bxe2 14. Qxe2 Nf3+ 15.
Kd1 Ng5 16. Qg2 Nf3 17. Bd2 Nxd2 18. Qxd2 Bb4 19. a3 Qd7 20. axb4 Rxh3 21. Rxh3
Qxh3 22. Qe1 O-O-O 23. Rxa7 Ng4 24. Kd2 Qg2+ 25. Kc1 Kb8 26. Ra5 f5 27. Nb5 c6
28. Na7 Rd6 29. b5 cxb5 30. Nxb5 Rc6 31. c3 b6 32. Ra7 Nf2 33. Qd2 Nd3+ 34. Kc2
Qxd2+ 35. Kxd2 Nxb2 36. Rxg7 Nc4+ 37. Ke2 Nd6 38. Nxd6 Rxd6 39. Rg1 Rc6 40. Kd2
Kb7 41. Rg5 Rf6 42. Kc2 b5 43. Rg7+ Ka6 44. Rg8 Ka5 45. Kb3 Rb6 46. Rd8 b4 47.
Rxd5+ Rb5 48. Rxb5+ Kxb5 49. cxb4 f4 50. exf4 Kc6 51. Kc2 Kd5 52. Kc3 e3 53. b5
Ke4 54. b6 e2 55. Kd2 Kf3 56. Ke1 1-0

[Event "AUTO-OPEN-308"]
[Site "http://www.queenalice.com/game.php?id=81102"]
[Date "2006.6.29"]
[Round "1"]
[White "claudesuzuki"]
[Black "romanopff"]
[Result "0-1"]
[WhiteElo "1367"]
[BlackElo "1395"]

1. d4 d5 2. e3 Nf6 3. Bb5+ c6 4. Be2 Bf5 5. Bd3 Bxd3 6. Qxd3 e6 7. Nf3 Bb4+ 8.
c3 Ba5 9. b4 Bc7 10. Ne5 Bxe5 11. Ba3 Bd6 12. b5 cxb5 13. Qxb5+ Qd7 14. Qxd7+
Kxd7 15. Bxd6 Kxd6 16. Nd2 b5 17. Nf3 Ne4 18. Ne5 Rf8 19. f3 Nxc3 20. O-O Nc6
21. a3 Nxe5 22. f4 Ng4 23. h3 Nxe3 24. Rfe1 Nc2 0-1

[Event "AUTO-OPEN-308"]
[Site "http://www.queenalice.com/game.php?id=81103"]
[Date "2006.6.29"]
[Round "1"]
[White "romanopff"]
[Black "claudesuzuki"]
[Result "0-1"]
[WhiteElo "1413"]
[BlackElo "1376"]

1. e4 e5 2. Nf3 d6 3. Bb5+ c6 4. Be2 Bg4 5. d4 Bxf3 6. Bxf3 f6 7. c3 Nd7 8. Bh5+
g6 9. Bg4 h5 10. Be2 Qb6 11. Be3 Ne7 12. O-O Qxb2 13. Nd2 Qxc3 14. Rc1 Qa5 15.
a4 Nb6 16. Nb3 Qxa4 17. dxe5 fxe5 18. f4 Qxe4 19. Bxb6 axb6 20. Rf2 Bh6 21. Qxd6
Bxf4 22. Nd2 Bxd2 23. Qxd2 Rd8 24. Bf3 Qa4 25. Qe1 Qd4 26. Rd1 Qc5 27. Rxd8+
Kxd8 28. Qd1+ Kc7 29. Kh1 Qxf2 30. Qe2 Qxe2 0-1

[Event "Challenge"]
[Site "http://www.queenalice.com/game.php?id=91972"]
[Date "2006.8.2"]
[Round "-"]
[White "claudesuzuki"]
[Black "pierj"]
[Result "0-1"]
[WhiteElo "1368"]
[BlackElo "1444"]

1. e4 d5 2. Bb5+ c6 3. Bxc6+ Nxc6 4. exd5 Ne5 5. Nc3 Nf6 6. f4 Bg4 7. Nf3 Nxf3+
8. gxf3 Bh3 9. Qe2 Qb6 10. d3 Rd8 11. b3 Nxd5 12. Bd2 Nb4 13. Qd1 Rxd3 14. a3
Qe6+ 15. Ne2 Nxc2+ 16. Qxc2 Bf5 17. Qc4 Qf6 18. Nd4 Qh4+ 19. Kd1 Qf2 20. Qc3
Rxc3 21. Bxc3 Bg6 22. f5 Bxf5 23. Nxf5 Qxf3+ 0-1

[Event "Challenge"]
[Site "http://www.queenalice.com/game.php?id=93215"]
[Date "2006.8.6"]
[Round "-"]
[White "xavimg"]
[Black "claudesuzuki"]
[Result "1-0"]
[WhiteElo "1156"]
[BlackElo "1393"]

1. e4 e5 2. Nf3 d6 3. Nc3 Bg4 4. Bb5+ c6 5. Ba4 a6 6. O-O b5 7. Bb3 f6 8. Qe1
Bxf3 9. gxf3 Ne7 10. d3 a5 11. a4 b4 12. f4 exf4 13. Bxf4 bxc3 14. bxc3 g5 15.
Bg3 d5 16. e5 Bg7 17. exf6 Bxf6 18. d4 O-O 19. c4 Bxd4 20. Rb1 Nf5 21. Qe6+ Rf7
22. cxd5 cxd5 23. Bxd5 Qd7 24. Qxd7 Nxd7 25. Bxa8 Kg7 26. Bd5 1-0

[Event "Challenge"]
[Site "http://www.queenalice.com/game.php?id=93265"]
[Date "2006.8.6"]
[Round "-"]
[White "claudiocaire"]
[Black "claudesuzuki"]
[Result "0-1"]
[WhiteElo "1512"]
[BlackElo "1355"]

1. e4 d5 2. Qf3 d4 3. Bc4 f6 4. e5 Nd7 5. e6 Nc5 6. Bb5+ c6 7. Bxc6+ Nd7 8.
Bxd7+ Bxd7 9. exd7+ Qxd7 10. Qe2 e5 11. c3 d3 12. Qe3 Ne7 13. Na3 Nf5 14. Qf3
Bxa3 15. bxa3 Nh4 16. Qd1 Nxg2+ 17. Kf1 Nf4 18. Nh3 Nxh3 19. c4 Qd4 20. Qf3 Qxa1
21. Qd1 Qd4 22. Qh5+ g6 23. Qxh3 O-O 24. Rg1 Qxc4 25. Kg2 e4 26. f3 f5 27. Bb2
Qxa2 28. Be5 Qxd2+ 29. Kg3 Rac8 30. fxe4 Qe3+ 31. Kg2 Rc2+ 32. Kh1 Qxh3 33. Bc3
Qxh2# 0-1

[Event "lets play chess"]
[Site "http://www.queenalice.com/game.php?id=94763"]
[Date "2006.8.11"]
[Round "-"]
[White "peao"]
[Black "claudesuzuki"]
[Result "1-0"]
[WhiteElo "1500"]
[BlackElo "1393"]

1. e4 e5 2. Nf3 Qf6 3. Nc3 Bb4 4. Nd5 Qd6 5. c3 Ba5 6. Bc4 c6 7. Ne3 b5 8. Bb3
Bb6 9. O-O Bxe3 10. fxe3 g6 11. Ng5 Nh6 12. Bxf7+ Nxf7 13. Nxf7 1-0

[Event "Challenge"]
[Site "http://www.queenalice.com/game.php?id=102336"]
[Date "2006.9.4"]
[Round "-"]
[White "kako"]
[Black "claudesuzuki"]
[Result "1-0"]
[WhiteElo "1599"]
[BlackElo "1355"]

1. d4 d5 2. Nf3 Bg4 3. e3 Bxf3 4. Qxf3 e6 5. Bd3 Qf6 6. Qxf6 Nxf6 7. O-O c6 8.
Nc3 Bb4 9. Bd2 Bxc3 10. Bxc3 O-O 11. Bb4 Re8 12. a4 a5 13. Bc3 Nbd7 14. b4 axb4
15. Bxb4 e5 16. Bc3 Nb6 17. a5 exd4 18. Bxd4 Nc4 19. Bxc4 dxc4 20. h3 Ra6 21.
Rfb1 Ne4 22. Rxb7 h6 23. Rb6 Rea8 24. Rxa6 Rxa6 25. Bb6 c3 26. Ra3 Nd6 27. Rxc3
Nc8 28. Rxc6 Na7 29. Rc5 Kh7 30. f4 f6 31. e4 1-0

[Event "Challenge"]
[Site "http://www.queenalice.com/game.php?id=102349"]
[Date "2006.9.4"]
[Round "-"]
[White "goodgambit"]
[Black "claudesuzuki"]
[Result "1-0"]
[WhiteElo "1372"]
[BlackElo "1355"]

1. e4 e5 2. Nf3 d6 3. Bc4 Bd7 4. d4 f6 5. Bxg8 Rxg8 6. Nc3 Bg4 7. Qd3 Bxf3 8.
gxf3 c6 9. Be3 d5 10. O-O-O dxe4 11. fxe4 Bb4 12. Qc4 Bxc3 13. Qxg8+ Kd7 14.
dxe5+ 1-0